[Event "ROM-ch U08"]
[Site "Calimanesti"]
[Date "2014.04.10"]
[Round "6"]
[White "Tanase, Matei"]
[Black "Demeter, Octavian"]
[Result "1-0"]
[WhiteElo "1001"]
[BlackElo "1001"]
[PlyCount "31"]
[EventDate "2014.04.06"]
[EventType "swiss"]
[EventRounds "9"]
[EventCountry "ROU"]
[SourceTitle "CBM 160 Extra"]
[Source "ChessBase"]
[SourceDate "2014.07.01"]
[SourceVersion "1"]
[SourceVersionDate "2014.07.01"]
[SourceQuality "1"]

1. e4 e5 2. Nc3 Nc6 3. f4 exf4 4. Nf3 Nb4 5. d4 Qe7 6. Bd3 d5 7. h3 Bd7 8. 0-0 dxe4 9. Bxe4 0-0-0 10. Re1 Qe8 11. Qe2 Nf6 12. Bxf4 Nxe4 13. Qxe4 h6 14. Qd3 Be7 15. Qd1 Qf8 16. Be3 1-0

[Event "ROM-ch U08"]
[Site "Calimanesti"]
[Date "2014.04.07"]
[Round "2"]
[White "Tanase, Matei"]
[Black "Moisescu, Cristian Andrei"]
[Result "0-1"]
[WhiteElo "1001"]
[BlackElo "1004"]
[PlyCount "32"]
[EventDate "2014.04.06"]
[EventType "swiss"]
[EventRounds "9"]
[EventCountry "ROU"]
[SourceTitle "CBM 160 Extra"]
[Source "ChessBase"]
[SourceDate "2014.07.01"]
[SourceVersion "1"]
[SourceVersionDate "2014.07.01"]
[SourceQuality "1"]

1. e4 e5 2. Nf3 Nc6 3. Bb5 d6 4. 0-0 Nf6 5. d3 Bg4 6. h3 Bxf3 7. gxf3 Qd7 8. Re1 Qxh3 9. Rf1 a6 10. Ba4 b5 11. Bb3 Nd4 12. c3 Nxf3+ 13. Qxf3 Qxf3 14. Re1 Ng4 15. Bd1 Qxf2+ 16. Kh1 Qh2# 0-1